Welcome to the Holygrace Academy Library

Please use search bar below to get started

RANA PRATAP (Record no. 7443)

MARC details
000 -LEADER
fixed length control field 00256nam a22001217a 4500
082 ## - DEWEY DECIMAL CLASSIFICATION NUMBER
Classification number 823
Item number PAI/R
100 ## - MAIN ENTRY--AUTHOR NAME
Personal name PAI, ANAND
245 ## - TITLE STATEMENT
Title RANA PRATAP
260 ## - PUBLICATION, DISTRIBUTION, ETC. (IMPRINT)
Place of publication BOMBAY
Name of publisher INDIA BOOK HOUSE
Year of publication 1997
300 ## - PHYSICAL DESCRIPTION
Number of Pages 8
650 ## - SUBJECT ADDED ENTRY--TOPICAL TERM
Topical Term ENGLISH STORY
Geographic subdivision INDIA
942 ## - ADDED ENTRY ELEMENTS (KOHA)
Koha item type Books

No items available.